000 00846nam a2200265 a 4500
001 54015
003 BD-RjUL
005 20211209080048.0
008 161031s1999 nyu b 001 0 eng
020 _a0387986391 (hardcover)
035 _a(BD-RjUL)54137
040 _aDLC
_cDLC
_dBD-RjU
_beng
041 _aeng
082 0 0 _a518
_223
_bFRI 1999
100 1 _aFrazier, Michael,
_d1956-
_9161291
245 1 3 _aAn introduction to wavelets through linear algebra /
_cMichael W. Frazier.
260 _aNew York :
_bSpringer,
_cc1999.
300 _axvi, 501 p. :
_bill. ;
_c25 cm.
504 _aIncludes bibliographical references and index.
650 0 _aNumerical analysis
_9161293
650 0 _aWavelets (Mathematics)
_9161294
650 0 _aAlgebras, Linear.
_9161295
942 _2ddc
_cBK
999 _c54015
_d54015